000 00377nam a2200133Ia 4500
005 20260328104312.0
008 260328s9999||||xx |||||||||||||| ||und||
100 _aWortman, Miles
245 0 _aGobierno y sociedad en Centroamérica 1680-1840 /
_cMiles Wortman
260 _bBiblioteca Básica de Historia de Guatemala
300 _a363 p.
650 _aGUATEMALA
942 _cBK
999 _c10991
_d10991